Borders between Large Countries - Statistics

General Stats
  • This quiz has been taken 159 times
  • The average score is 21 of 22
Answer Stats
COUNTRY A % Correct
Canada
100%
China
100%
China
100%
China
100%
China
100%
Russia
100%
Russia
100%
Russia
100%
United States
100%
United States
100%
Mexico
99%
India
98%
Kazakhstan
98%
Kazakhstan
98%
Mongolia
97%
Mongolia
97%
Brazil
96%
Argentina
95%
Algeria
84%
Libya
84%
Libya
84%
Sudan
82%
No matching quizzes found
Score Distribution
Percent of People with Each Score
Percentile by Number Answered
Your Score History
You have not taken this quiz